| 000 | 00760cam a22002173a 4500 | ||
|---|---|---|---|
| 001 | 46095 | ||
| 003 | PGUSA | ||
| 005 | 20140828084100.0 | ||
| 008 | 140625s2014||||xxu|||||s|||||000 | eng d | ||
| 040 |
_aPGUSA _beng |
||
| 042 | _adc | ||
| 100 | 1 | _aBrooke, Henry Francis | |
| 245 | 1 | 0 |
_aPrivate Journal of Henry Francis Brooke : _bLate Brigadier-General Commanding 2nd Infantry Brigade Kandahar Field Force, Southern Afghanistan, from April 22nd to August 16th, 1880 _h[electronic resource] / _cHenry Francis Brooke |
| 260 |
_bProject Gutenberg, _c2014 |
||
| 506 | _aPublic domain in the USA. | ||
| 516 | _aElectronic text | ||
| 700 | 1 | _aBrooke, Annie | |
| 830 | 0 |
_aProject Gutenberg _v46095 |
|
| 856 | 4 | 0 | _uhttp://www.gutenberg.org/ebooks/46095 |
| 942 | _cEB | ||
| 999 |
_c275344 _d275344 |
||